Journal du voleur /

Hlavní autor: Genet, Jean, 1910-1986
Jazyk: Francouzština
Vydáno: Paris : Gallimard, 1994
Edice: Folio (Gallimard)
Fyzický popis: 305 s.
Knihy
Uloženo v:
LEADER 00723nam a2200253 a 4500
001 000034889
003 CZ BrMZK
005 19950313143423.0
007 ta
008 950313s1994 fr f fre d
020 |a 2-07-036493-3 
040 |a BOA001  |b cze 
080 |a 840-31  |2 MRF 
100 1 |a Genet, Jean,  |d 1910-1986  |7 jn20000601747  |4 aut 
245 1 0 |a Journal du voleur /  |c Jean Genet. 
260 |a Paris :  |b Gallimard,  |c 1994 
300 |a 305 s. 
490 1 |a Folio ;  |v 493 
541 |a Prague, Ambassade de France 
830 0 |a Folio (Gallimard) 
910 |a BOA001  |b 1-1013.776 
962 |a 840-31 
990 |a BK 
996 7 |b 2610027273  |c 1-1013.776  |l MZK  |r Sklad / do 1 hodiny  |n 6  |p dar  |w 000034889  |u 000010  |a 1  |e BOA001  |j MZK50  |s A